000 00618nam a2200241Ia 4500
003 OSt
005 20220912152725.0
006 a|||||r|||| 00| 0
007 ta
008 220909b |||||||| |||| 00| 0 eng d
024 _a37506
037 _cTextual
040 _aCSL
_beng
_cCSL
041 _aeng
082 _aE7:F55W0M13, K2
100 _aHillis W E
245 0 _aWood extractives and their significance to the pule and paper industries
260 _c1952
300 _ap.
_ccm.
650 _aChemistry
942 _hE7:F55W0M13, K2
_cTEXL
_2CC
999 _c90514
_d90514